Movies Quiz

Random Movies or Actor Quiz

Drop Dead Gorgeous Characters Quiz Stats

 Plays Quiz not verified by Sporcle

Challenge
Share
Tweet
Embed
Score 0/26 Timer 06:00
0 Plays Today
Actor Character % Correct
Kirsten DunstAmber Atkins
90.4%
Denise RichardsRebecca 'Becky' Leeman
80.7%
Allison JanneyLoretta
61.4%
Brooke Elise BushmanTammy Curry
59%
Kirstie AlleyGladys Leeman
55.4%
Will SassoHank Vilmes
48.2%
Matt MalloyJohn Dough
45.8%
Ellen BarkinAnnette Atkins
44.6%
Amy AdamsLeslie Miller
43.4%
Tara RedepenningMolly Howard
42.2%
Alexandra HoldenMary Johansen
37.3%
Mindy SterlingIris Clark
34.9%
Sam McMurrayLester Leeman
34.9%
Actor Character % Correct
Michael McShaneHarold Vilmes
32.5%
Brittany MurphyLisa Swenson
30.1%
Lona WilliamsJean Kangas
28.9%
Casey GarvenBrett Clemmens
28.9%
Shannon NelsonTess Weinhaus
27.7%
Sarah StewartJanelle Betz
22.9%
Laurie SinclairMichelle Johnson
20.5%
Jon T. OlsonPat
19.3%
Tom GilshannonLars Larson
13.3%
Mo GaffneyTerry Macy
12%
Mary GillisChloris Klinghagen
12%
Claudia WilkensIona Hildebrandt
8.4%
Nora DunnColleen Douglas
7.2%

You're not logged in!

Compare scores with friends on all Sporcle quizzes.
OR
Log In

You Might Also Like...

Show Comments

Extras

Top Quizzes Today


Score Distribution

Your Account Isn't Verified!

In order to create a playlist on Sporcle, you need to verify the email address you used during registration. Go to your Sporcle Settings to finish the process.

Report this User

Report this user for behavior that violates our Community Guidelines.

Details: